| 000 | | | 05557cbm0a2200349#x 450 |
| 001 | | | 26b9322e-598f-4fc2-ac54-d9cef7bcc5ff |
| 005 | | | 20260528105828.0 |
| 100 | ## | $a | 20260527j19450223k###0rusy50 ca |
| 101 | 0# | $a | rus |
| 102 | ## | $a | RU |
| 105 | ## | $a | y###z######## |
| 122 | 0# | $a | d19450223## |
| 200 | 1# | $a | Распоряжение ГКО СССР № 7580 о внесении изменений в план перевозок на февраль 1945 г. по Сталинской и Южно-Донецкой железным дорогам |
| | $j | 23 февраля 1945 г. |
| 251 | ## | $c | Документ |
| 300 | ## | $a | Рассылочный и подлинный экземпляры |
| 461 | #0 | $1 | 2001 |
| | $a | Ф. 644 |
| | $1 | 251 |
| | $c | Фонд |
| | $1 | 852 |
| | $j | 644 |
| 462 | #0 | $1 | 2001 |
| | $a | Оп. 1 |
| | $1 | 251 |
| | $c | Опись |
| | $1 | 852 |
| | $j | 1 |
| 601 | 01 | $2 | nlr_sh |
| | $3 | RU\NLR\AUTH\6601614128 |
| | $a | СССР |
| | $b | Государственный Комитет Обороны |
| | $x | История |
| | $z | 1941 - 1945 |
| | $j | Документы и материалы |
| 605 | ## | $2 | prlib_sh |
| | $3 | LIBNET\UAF\0000088514 |
| | $a | Вторая мировая война в архивных документах (Комплекс оцифрованных архивных документов, кино- и фотоматериалов) |
| | $l | коллекция |
| 605 | ## | $2 | acquisition_Prlib |
| | $3 | DITM\AF\0000002775 |
| | $a | Власть |
| | $l | коллекция |
| 606 | 1# | $2 | nlr_sh |
| | $3 | RU\NLR\AUTH\661280795 |
| | $a | Великая Отечественная война |
| | $z | 1941 - 1945 |
| | $x | Тыл(воен.) |
| | $j | Документы и материалы |
| 606 | 1# | $2 | nlr_sh |
| | $3 | RU\NLR\AUTH\66199215 |
| | $a | Железные дороги |
| | $x | История |
| | $y | СССР |
| | $j | Документы и материалы |
| 606 | 1# | $2 | nlr_sh1 |
| | $3 | RU\NLR\AUTH\661165685 |
| | $a | Черные металлы |
| | $x | Железнодорожные перевозки |
| | $x | Оптимизация |
| | $j | Документы и материалы |
| 686 | ## | $a | 63.3(2)622-2ю1 |
| | $v | LBC/M |
| | $2 | rubbk |
| 686 | ## | $a | 65.03(2)622ю1 |
| | $v | LBC/M |
| | $2 | rubbk |
| 686 | ## | $a | 65.305.22-03ю1 |
| | $v | LBC/M |
| | $2 | rubbk |
| 686 | ## | $a | 65.372-03ю1 |
| | $v | LBC/M |
| | $2 | rubbk |
| 801 | #0 | $a | RU |
| | $b | ПБ им. Б.Н. Ельцина |
| | $c | 20260527 |
| 801 | #1 | $a | RU |
| | $b | ПБ им. Б.Н. Ельцина |
| | $c | 20260527 |
| | $2 | rusmarc |
| 801 | #2 | $a | RU |
| | $b | ПБ им. Б.Н. Ельцина |
| | $c | 20260528 |
| | $2 | rusmarc |
| 850 | ## | $a | Российский государственный архив социально-политической истории |
| 852 | ## | $a | РГАСПИ |
| | $j | Д. 373. Л. 31-31об.; Оп. 2. Д. 454. Л. 13-13об. |
| 035 | ## | $a | LIBNET\0001552020 |
| 937 | ## | $d | 200103873 |
| | $h | Федеральное архивное агентство |
| 856 | 4# | $u | http://readingroom.main.prlib.ru/item.aspx?id_node=n200103873&mode=full |